000 00623nam a2200205 a 4500
005 20210223122246.0
008 991125s1979 mad 000 0 spa u
020 _a8420619930
035 _aUPN01000031929
049 _aCG
050 4 _aBF1093
_bF7.38 1979
100 1 _aFreud, Sigmund,
_d1856-1939
245 1 3 _aLa interpretación de los sueños /
_cSigmund Freud ; tr. Luis López-Ballesteros y de Torres.
250 _a12a ed.
260 _aMadrid :
_bAlianza,
_c1979.
300 _a3 v.
440 3 _aEl libro de bolsillo.
_pHumanidades ;
_v34-36
650 4 _aINTERPRETACION DE LOS SUEÑOS
_91570
905 _aLibro
999 _c31929
_d31929